000 00487nam a2200169 4500
999 _c4239
_d4239
008 200727b ||||| |||| 00| 0 eng d
041 _ahin
082 0 0 _a891.43
_bD492
100 _93464
_aDevi, Ashapurna
245 1 0 _aBakul katha /
_cby Ashapurna Devi
245 1 0 _aबकुल कथा /
_cआशापूर्णा देवी
250 _a6th ed.
260 _aDelhi:
_bBharatiya Gyanpith Prakashan,
_c1989.
300 _a401p.
650 0 _aHindi fiction
942 _2ddc
_cBK